Quizzes
Events
Quiz Creation
Community
Videos
Private Events
Remove Ads
Sign In
Join for FREE
Feedback
Dark Mode
Quiz Categories
Sports
Geography
Music
Movies
Television
Just For Fun
Miscellaneous
History
Literature
Language
Science
Gaming
Entertainment
Religion
Holiday
For Kids
Quiz Lab
Recent
Popular Today
Quiz Kudos Today
Editor Picks
Curator Picks
Quizzes by...
Day
Popularity
Type
Ratings
Length
Year
Community
Subscriptions
Recent Discussions
Orange Saloon
Badges
Playlists
Quests
Create
Leaderboards
Showdown
Live 5
Trivia Bingo
Activity
Puzzle Library
Sporcle Events
Private Events
Virtual Trivia
Globe League
Become a Host
Pub Owners
SporcleCon
Opinionation
Our Games
Videos
Blog
Mobile Apps
Partnerships
Remove Ads and Go Orange
Feedback
Movies
Disney
Marvel Cinematic Universe
Movie Resume
Movie Titles
Oscar
Actor
Actress
Director
Pixar
Role
Movie Quotes
Movie Characters
Box Office
Nominee
Best Picture
Star Wars
James Bond
Horror Movies
Movies
Disney
Marvel Cinematic Universe
Movie Resume
Movie Titles
Oscar
Actor
Actress
Director
Pixar
Role
Movie Quotes
Movie Characters
Box Office
Nominee
Best Picture
Star Wars
James Bond
Horror Movies
Random Quiz
Search Sporcle
×
Quiz Lab
Quiz Lab
Movies
Quote
Type in answers that appear in a list
Type in answers that appear in a list
Classic
Best Score? Go Orange.
21st Century Movie Quotes Stats
Can you name the 21st Century Movie Quotes?
By
meepmoto27
10m
16 Questions
1,922 Plays
1,922 Plays
1,922 Plays
Comments
Comments
Give Quiz Kudos
Give Quiz Kudos
-
- Ratings
hide this ad
Replay
Link that replays current quiz
Next Quiz
Link to next quiz in quiz playlist
You Got
0%
They Got
Avg Score
55%
Avg Friend Score
Upgrade to see
Score Distribution
Jump to the score distribution portion of the page
Score
0/16
Timer
10:00
0
Plays Today
Quote
Movie
% Correct
'Now I'm a flyin', talkin' donkey! You mighta seen a housefly, maybe even a superfly. But I bet you ain't neva seen a donkey fly!'
Shrek
87.1%
'Fish are friends, not food.'
Finding Nemo
84.3%
'You wanna know how I got these scars?'
The Dark Knight
80.2%
'Dodge, duck, dip, dive, dodge.'
Dodgeball
74.2%
'Dreams seem real while we're in them. It's only when we wake up that we realize that something was strange.'
Inception
71.7%
'Hey Donny! We got a German here who wants to die for his country. Oblige him.'
Inglourious Basterds
64.9%
'I bet you get this a lot, but is this the real Caesar's Palace?'
The Hangover
62.5%
'Our arrows will blot out the sun!' 'Then we'll fight in the shade!'
300
62.3%
Quote
Movie
% Correct
'Tina, fat lard, come get some dinner!'
Napoleon Dynamite
46.1%
'We who are about to die salute you.'
Gladiator
43.4%
'You fool, no man can kill me.' 'I am no man!'
The Lord of the Rings The Return of the King
42%
'Help me Jesus! Help me Jewish God! Help me Allah! Help me Tom Cruise! Tom Cruise, use your witchcraft to get the fire off me!
Talladega Nights the Ballad of Ricky Bobby
41.2%
'I can do it with minimum casualties to the indigenous. I'll clear them out with gas first. It'll be humane. More or less.'
Avatar
37%
'Voila! In view, a humble vaudevillian veteran, cast vicariously as both victim and villain by the vicissitudes of Fate.
V for Vendetta
32.4%
'And then his apprentice killed him in his sleep. Plagueis never saw it coming. Ironic. He could save others from death... but not himself.'
Star Wars Episode III
26.4%
'They will look up and shout 'Save us.' and I'll look down and whisper 'No'.
Watchmen
26.1%
Quiz Playlist
Details
Report
Send in Message
Add To Playlist
Classic:
Type in answers that appear in a list
Last Updated: Feb 16, 2017
Quiz Scoreboard
CHALLENGE
Sign Up to Join the Scoreboard
Show All
Scores
Hide
Comments
May contain spoilers
Recently Published
One Thing in Common: World Cities II
by knightlancer
Geography
7m
Popular People in 1961
by mucciniale
History
6m
1-10 Letter E Words III
by El_Dandy
Language
2m
More to Explore
Quiz From the Vault
Featured Blog Post
Where Did the Easter Bunny Come From?
hide this ad
You Might Also Like...
Tags
Century Quiz
Movie Quotes Quiz
Quote Quiz
21st Century
Today's Top Quizzes in Movies
Browse Movies
hide this ad
Today's Top Quizzes in Quote
Browse Quote
Top Contributed Quizzes in Movies
1
Multi-Oscar Nominations, One Movie, One Winner
2
12 Movies about Fictional 1960s Events
3
One Thing in Common: Movies
4
Three Word 'T' Movies Match Up
5
Three Word 'H' Movies Match Up
6
Three Word 'M' Movies Match Up
7
Three Word 'L' Movies Match Up
8
Three Word 'R' Movies Match Up
9
Three Word 'S' Movies Match Up
10
Three Word 'U' & 'V' Movies Match Up
Explore More
Trending Topics
Anime
Kpop
Marvel
Crossword
NBA
Harry Potter
Disney
The Office
Country
Puzzle
WWE
Pokémon
NFL
Soccer
Song
hide this ad
More By:
meepmoto27
Quiz
Plays
Rating
Category
Featured
Created
21st Century Movie Quotes
1,922
3.86
Movies
Oct 13, 2010
Names of Infantry Rifles
752
2.60
History
Oct 3, 2010
Video Game Quotes
401
2.11
Gaming
Oct 13, 2010
Weapons of World War I
196
1.00
History
Oct 3, 2010
Go to Creator's Profile
Score Distribution
Quiz Creator Spotlight
meepmoto27
Follow
Send a Message
Quizzes Created
-
Created Quiz Play Count
-
More By This Creator
Popular Quizzes Today
1
Find the US States - No Outlines Minefield
2
The Countries of the World
3
Popular People in 1961
4
Find the Countries of Europe - No Outlines Minefield
5
1-10 Letter E Words III
6
Find the US States
7
One Thing in Common: World Cities II
8
US States
More Movies Quizzes
2000s Movies A-Z VI
Published
Trending Quizzes
Country Music Stars Doing Things
Get the Picture: Carrie or Dolly
1-10 Letter F Words
1-10 Letter G Words
Risky Map Clicking: Next State Alphabetically
Recently Updated
Leaping Animals
pecheneg
Reality TV Shows (A-Z)
bhenderson79
Rickey Henderson's Hall of Fame Teammates
pecheneg
Champions League XIs: Arsenal
pecheneg
Quick Pick: Celebrities in WWE's Hall of Fame
aduchscher
A-Z Keypad Blitz II
pecheneg
Multiple Oscar Actors
pecheneg
Mystery Phrase Blitz: Oscar 'Best Actors'
pecheneg
F. Scott Fitzgerald Novels
LTH
Pick 3 Villains
ddd62291
Trending Topics
Anime
Crossword
Kpop
Disney
Harry Potter
NBA
Marvel
Song
The Office
Soccer
Pokémon
Puzzle
Country
WWE
NFL
Your Account Isn't Verified!
In order to create a playlist on Sporcle, you need to verify the email address you used during registration. Go to your
Sporcle Settings
to finish the process.
Report this User
Report this user for behavior that violates our
Community Guidelines
.
Details:
Send Report
Go to the Sporcle.com Mobile Site →
Comments